000
00295nam a22001337a 4500
003
SGT
020
_a
978-0-306-44790-7
082
_a
530.12
_b
SHA
100
_a
SHANKAR, R.
245
_a
PRINCIPLES OF QUANTUM MECHANICS
260
_a
INDIA
_b
SPRINGER
_c
2014
300
_a
676
942
_2
ddc
_c
BK
999
_c
22424
_d
22424